| 000 | 00855nam a22002777a 4500 | ||
|---|---|---|---|
| 001 | 000589 | ||
| 003 | DO-SdBNP | ||
| 005 | 20180118103019.0 | ||
| 007 | 000589 | ||
| 008 | 161021b 1985 sp a ||||| |||| 00| 0 spa d | ||
| 020 | _c 8426109950 | ||
| 040 |
_aBPMSU _bspa _cBPMSU |
||
| 082 |
_axxxx _bxxxx |
||
| 100 | 1 |
_aBlyton, Enid, _d1897-1968 |
|
| 240 | 1 | 0 |
_aFive on a treasure island. _lEspañol |
| 245 | 1 | 0 |
_aLos cinco y el tesoro de la isla / _cEnid Blyton ; traducción de Juan Ríos de la Rosa. |
| 250 | _a14ª ed. | ||
| 260 |
_aBarcelona : _bJuventud, _c1985. |
||
| 300 |
_a160 p. : _bil. ; _c20 cm. |
||
| 490 | 1 |
_aClub de los cinco _v22 |
|
| 700 | 1 |
_aRíos de la Rosa, Juan, _etr. |
|
| 830 | 0 |
_aClub de los cinco ; _v22 |
|
| 942 |
_2ddc _cBK |
||
| 945 | _ainventariado, 2018 / dg | ||
| 956 |
_2LOPEREZ _310 _620161021 _8BPMSU _a00041 |
||
| 999 |
_c11656 _d11656 |
||